Financovanie kreatívneho a kultúrneho priemyslu na Slovensku

Salvato in:
Dettagli Bibliografici
Autore principale: Majdúchová, Helena, 1963-
Altri autori: Rybárová, Daniela, 1967-
Natura: Capitolo di libro
Lingua:slovacco
Soggetti:
Tags: Aggiungi Tag
Nessun Tag, puoi essere il primo ad aggiungerne!!

MARC

LEADER 00000naa$a2200000$$$4500
001 0271525
005 20240502074258.0
041 0 |a slo 
044 |a SK 
245 1 0 |a Financovanie kreatívneho a kultúrneho priemyslu na Slovensku  |c Helena Majdúchová, Daniela Rybárová 
610 2 0 |a financovanie 
610 2 0 |a priemysel kreatívny 
610 2 0 |a priemysel kultúrny 
610 2 0 |a Slovensko 
100 1 |a Majdúchová, Helena, 1963- 
700 1 |a Rybárová, Daniela, 1967-